Vấn đề phục hồi chức năng cho người điếc

Gespeichert in:
Bibliographische Detailangaben
1. Verfasser: Phạm Kim
Format: Buch
Sprache:Undetermined
Veröffentlicht: Hà Nội Y học 1984
Schlagworte:
Tags: Tag hinzufügen
Keine Tags, Fügen Sie den ersten Tag hinzu!
Thư viện lưu trữ: Trung tâm Học liệu Trường Đại học Cần Thơ
LEADER 00527nam a2200181Ia 4500
001 CTU_12012
008 210402s9999 xx 000 0 und d
082 |a 617.81 
082 |b K310 
100 |a Phạm Kim 
245 0 |a Vấn đề phục hồi chức năng cho người điếc 
245 0 |c Phạm Kim 
260 |a Hà Nội 
260 |b Y học 
260 |c 1984 
650 |a ear - diseases 
904 |i Nguyễn Quang Điền, 961010 
980 |a Trung tâm Học liệu Trường Đại học Cần Thơ